Disputaciones Metafísicas

Guardat en:
Dades bibliogràfiques
Autor principal: Suárez, Francisco
Format: Llibre
Idioma:Undetermined
Publicat: Madrid, España Editorial Gredos 1960
Matèries:
Etiquetes: Afegir etiqueta
Sense etiquetes, Sigues el primer a etiquetar aquest registre!

MARC

LEADER 00000nam a2200000Ia 4500
008 170316s9999 xx 000 0 und d
090 |a 100 S-69d v.1 
100 |a Suárez, Francisco 
245 |a Disputaciones Metafísicas 
260 |a Madrid, España 
260 |b Editorial Gredos 
260 |c 1960 
300 |a 814 páginas Vol. 1 
650 |a FILOSOFÍA 
040 |a cru BVZT 
942 0 0 |0 1 
999 |c 17708  |d 17708